000 00269nam a2200121 a 4500
008 101026s1971|||| d
100 1 _aKrno, Miloš
245 1 0 _aHra so smrťou
260 _bObzor
_aBratislava
_c1971
041 _aslo
020 _c9
044 _axo
_cSK
999 _c12295
_d12295